Kalidasa, the loom of time : (Record no. 9937)

MARC details
000 -LEADER
fixed length control field 00566cam a2200205ua 4500
008 - FIXED-LENGTH DATA ELEMENTS--GENERAL INFORMATION
fixed length control field 190801n ii |||gr||||Z||||||eng
020 ## - INTERNATIONAL STANDARD BOOK NUMBER
International Standard Book Number 9780143100409
040 ## - CATALOGING SOURCE
Transcribing agency MAIN
041 ## - LANGUAGE CODE
-- eng
082 ## - DEWEY DECIMAL CLASSIFICATION NUMBER
Classification number 891.2
100 ## - MAIN ENTRY--PERSONAL NAME
Personal name Kalidasa,
Relator term
245 ## - TITLE STATEMENT
Title Kalidasa, the loom of time :
Remainder of title a selection of his plays and poems /
Statement of responsibility, etc. Translated by Chandra Rajan .
260 ## - PUBLICATION, DISTRIBUTION, ETC.
Place of publication, distribution, etc. Gurgaon:
Name of publisher, distributor, etc. Penguin,
Date of publication, distribution, etc. 1999.
300 ## - PHYSICAL DESCRIPTION
Extent 343p.
700 ## - ADDED ENTRY--PERSONAL NAME
Personal name Chandra Rajan,
Relator term
942 ## - ADDED ENTRY ELEMENTS (KOHA)
Koha item type Books
653 ## - INDEX TERM--UNCONTROLLED
Uncontrolled term Sanskrit literature
653 ## - INDEX TERM--UNCONTROLLED
Uncontrolled term Abhijnanasakuntalam
Holdings
Withdrawn status Lost status Damaged status Not for loan Home library Current library Shelving location Date acquired Total Checkouts Full call number Barcode Date last seen Date last checked out Copy number Price effective from Koha item type
        Central Library, Naharkatiya College Central Library, Naharkatiya College General Stacks 19/09/2020 5 891.2Indian writing in English | KAL 28125 29/10/2022 14/10/2022 1 19/09/2020 Books
        Central Library, Naharkatiya College Central Library, Naharkatiya College General Stacks 19/09/2020 4 891.2Indian writing in English | KAL 28126 22/09/2022 19/09/2022 2 19/09/2020 Books
        Central Library, Naharkatiya College Central Library, Naharkatiya College General Stacks 19/09/2020 2 891.2Indian writing in English | KAL 28127 10/02/2021 19/01/2021 3 19/09/2020 Books
        Central Library, Naharkatiya College Central Library, Naharkatiya College General Stacks 19/09/2020 2 891.2Indian writing in English | KAL 28128 12/10/2022 19/09/2022 4 19/09/2020 Books
        Central Library, Naharkatiya College Central Library, Naharkatiya College General Stacks 19/09/2020 3 891.2Indian writing in English | KAL 28129 19/10/2022 13/10/2022 5 19/09/2020 Books

Naharkatiya College © 2020. All rights reserved.

Powered By